00242nam a2200109Ia 4500008004100000100001700041245002600058260001000084260000900094546001200103999001700115170619s9999 xx 000 0 und d aHAYKIN SIMON 0aCOMMUNICATION SYSTEMS bWILEY c2010 aENGLISH c19358d19358